Вып. 3 : Электродинамика горных пород; Основы физики горных пород

Bibliographic Details
Parent link:Основы физики горных пород: учебное пособие/ П. И. Воронов; Московский институт радиоэлектроники и горной электромеханики (МИРГЭМ). Вып. 3 : Электродинамика горных пород.— , 1963-1965
Language:Russian
Published: 1964
Subjects:
Format: Book
KOHA link:https://koha.lib.tpu.ru/cgi-bin/koha/opac-detail.pl?biblionumber=286989

MARC

LEADER 00000nam2a2200000 4500
001 286989
005 20231031234630.0
035 |a (RuTPU)RU\TPU\book\311355 
035 |a RU\TPU\book\311352 
090 |a 286989 
100 |a 20150311d1964 m y0rusy50 ca 
101 0 |a rus 
102 |a RU 
105 |a a j 001zy 
200 0 |a Вып. 3 : Электродинамика горных пород 
210 |d 1964 
215 |a 266 с.  |c черт. 
320 |a Библиогр.: с. 264 
461 1 |0 (RuTPU)RU\TPU\book\310796  |t Основы физики горных пород  |o учебное пособие  |o [в 3 вып.]  |f П. И. Воронов  |g Московский институт радиоэлектроники и горной электромеханики (МИРГЭМ)  |v Вып. 3 : Электродинамика горных пород  |d 1963-1965 
606 1 |a Горные породы  |x Физико-механические свойства  |x Исследование  |2 stltpush  |3 (RuTPU)RU\TPU\subj\8082 
610 1 |a учебные пособия 
610 1 |a электродинамика 
610 1 |a электрические свойства 
675 |a 552.08:53(075.8)  |v 4 
801 1 |a RU  |b 63413507  |c 20150305 
801 2 |a RU  |b 63413507  |c 20180226  |g RCR 
942 |c BK